| 000 | 00371 a2200121 4500 | ||
|---|---|---|---|
| 020 | _a0471385557 (cloth : alk. paper) | ||
| 082 | _a624.1834 NAW | ||
| 100 | _aNawy, Edward G. | ||
| 245 |
_aFundamentals of high-performance concrete / _cEdward G. Nawy. |
||
| 250 | _a2nd ed. | ||
| 260 |
_aNew York : _bJohn Wiley, _c2001. |
||
| 300 |
_axviii, 441 p. : _bill. ; _c26 cm. |
||
| 650 | _aHigh strength concrete. | ||
| 999 |
_c1337 _d1337 |
||